000 00363nam a2200133 i 4500
001 bg
100 1 _aSAMOĆ, Marek
245 0 _aPhotogeneration and transport of charge carriers in crystals of organic photoconductors /
_cM. Samoć.
260 _aWrocław,
_c1984.
040 _cBPK
041 _apol
942 _cKS
008 s pl f |000 0 pol
999 _c23247
_d23247
856 _uhttp://koha.tu.koszalin.pl/cgi-bin/koha/opac-detail.pl?biblionumber=23247
_yKatalog online BPK